00634nam a2200145Ia 4500008004100000024006000041082001700101100007800118245007700196260002600273600003200299650003300331856010700364999001700471260210s9999 xx 000 0 und d a10B-001-CE, 10B-005-CE, 10B-007-CE & 10B-019-CE a005.1072 BHU aJawad ahmed Bhutta, Fahad Shakeel, Abdus Samad & Ehtasham Khan afridi 0aAndroid Based Hospital Navigation on the Basic of Medical Specialization aKarachi:bUITU,c2010 aComputer System Engineering aBachelor of Engineering (BE) uhttps://drive.google.com/file/d/1DgMpo4nRjLsUY20fwvYtR3v385kmvWtX/view?usp=sharingyClick here for PDF c32758d32758